000 00284nam a2200121 a 4500
008 101025s1988|||| d
245 1 0 _aBabylon, neviestka bohov
100 1 _aLundkvist, Artur
041 _aslo
260 _bSmena
_aBratislava
_c1988
020 _c22
044 _axo
_cSK
999 _c12151
_d12151